|
|
|
|
| LEADER |
01430nam a2200409 i 4500 |
| 001 |
001800941 |
| 003 |
CZ BrMZK |
| 005 |
20220309141328.0 |
| 007 |
ta |
| 008 |
210921s2020 xxk f f 001 0 eng |
| 020 |
|
|
|a 978-1-108-71482-2
|q (brožováno)
|
| 040 |
|
|
|a BOA001
|b cze
|e rda
|
| 072 |
|
7 |
|a 811.111
|x Angličtina
|2 Konspekt
|9 11
|
| 080 |
|
|
|a 811.111
|2 MRF
|
| 080 |
|
|
|a 81'24
|2 MRF
|
| 080 |
|
|
|a 81'24:37.091.27
|2 MRF
|
| 080 |
|
|
|a (072)
|2 MRF
|
| 100 |
1 |
|
|a Hughes, Arthur,
|d 1941-
|7 jn19990003730
|4 aut
|
| 245 |
1 |
0 |
|a Testing for language teachers /
|c Arthur Hughes and Jake Hughes
|
| 250 |
|
|
|a Third edition
|
| 264 |
|
1 |
|a Cambridge :
|b Cambridge University Press,
|c 2020
|
| 300 |
|
|
|a xi, 287 stran :
|b ilustrace ;
|c 25 cm
|
| 336 |
|
|
|a text
|b txt
|2 rdacontent
|
| 337 |
|
|
|a bez média
|b n
|2 rdamedia
|
| 338 |
|
|
|a svazek
|b nc
|2 rdacarrier
|
| 490 |
1 |
|
|a Cambridge professional learning
|
| 504 |
|
|
|a Obsahuje bibliografii a rejstříky
|
| 650 |
0 |
7 |
|a angličtina
|7 ph114056
|2 czenas
|
| 650 |
0 |
7 |
|a jazyková výuka
|7 ph162894
|2 czenas
|
| 650 |
0 |
7 |
|a jazykové zkoušky
|7 ph466388
|2 czenas
|
| 655 |
|
7 |
|a metodické příručky
|7 fd132826
|2 czenas
|
| 700 |
1 |
|
|a Hughes, Jake
|7 xx0260251
|4 aut
|
| 830 |
|
0 |
|a Cambridge professional learning
|
| 910 |
|
|
|a BOA001
|b 2-1474.181
|
| 990 |
|
|
|a BK
|
| 991 |
|
|
|b 202202
|x 99
|c NOV
|
| 996 |
7 |
|
|b 2610879604
|c 2-1474.181
|l Anglická knihovna/2.patro
|r ZHR
|n 7
|p kupz
|h TE
|w 001864454
|u 000010
|a 0
|e BOA001
|j MZK50
|s A
|